| 000 | 00559nam a22001937a 4500 | ||
|---|---|---|---|
| 003 | OSt | ||
| 005 | 20170509140916.0 | ||
| 008 | 170509b xxu||||| |||| 00| 0 eng d | ||
| 020 | _a0521803918 | ||
| 040 | _cDDC. | ||
| 082 | _a530.15NES 2003. | ||
| 100 |
_aNesbert,Robert; _912128 |
||
| 245 | _aVariational principles and methods in theoretical physics and chemistry. | ||
| 260 | _aCambridge:Cambridge University Press;2003. | ||
| 300 | _axiv,229p:ill:25cm. | ||
| 504 | _aincludes index and references. | ||
| 650 |
_aPhysics. _9809 |
||
| 942 |
_2ddc _cO_SHELF |
||
| 999 |
_c5840 _d5840 |
||